The joy of chicken : gourmet cookbook /

Bibliographic Details
Main Author: Gilbert, Norma
Format: Book
Language:English
Published: North Miami Beach : Argent Books, 1977.
Subjects:

MARC

Tag First Indicator Second Indicator Subfields
LEADER 00000cam a2200000Ia 4500
001 in00001679679
005 20190207100241.0
008 810828s1977 xx a 000 0 eng d
035 |a (OCoLC)ocm07711575 
040 |a OKI  |c OKI  |d IXA  |d TXA  |d UtOrBLW 
049 |a TXAM 
090 |a TX750.5.C45  |b G55 1977 
092 |a 641.665  |b Gil 
100 1 |a Gilbert, Norma. 
245 1 4 |a The joy of chicken :  |b gourmet cookbook /  |c Norma Gilbert. 
264 1 |a North Miami Beach :  |b Argent Books,  |c 1977. 
300 |a 95 pages :  |b illustrations ;  |c 24 cm. 
336 |a text  |b txt  |2 rdacontent 
337 |a unmediated  |b n  |2 rdamedia 
338 |a volume  |b nc  |2 rdacarrier 
500 |a The Cushing Library/Chapman Texas Collection copy is part of the Floyd & Louise Chapman Texas & Borderlands Collection.  |5 TXA 
500 |a Cover title. 
500 |a "The Texas Cookbook Collection." 
536 |a Cushing Library Texas copy was donated 1999 by Ona Stribling Beams, Dallas, Texas, in memory of George William Beams, Class of 1929. 
650 0 |a Cooking, American. 
650 0 |a Cooking (Chicken) 
994 |a E0  |b TXA 
948 |a cataloged  |b h  |c 2002/4/19  |d c  |e nrodrigu  |f 3:03:30 pm 
999 |a MARS 
999 f f |s 691f73d3-f27e-3a0b-84bc-64c19ced904e  |i 4a7ae553-65ae-3b71-a563-0878ab112174  |t 0 
952 f f |p noncirc  |a Texas A&M University  |b College Station  |c Cushing Memorial Library & Archives  |d Cushing: Chapman Texas Collection (Does not check out)  |t 0  |e TX750.5.C45 G55 1977  |h Library of Congress classification  |i unmediated -- volume 
998 f f |a TX750.5.C45 G55 1977  |t 0  |l Cushing: Chapman Texas Collection (Does not check out)